Sanat - "Kulttuuri saapui Ähtäriin" - Juice Leskinen - Statistics

Yleistilastot
  • Tätä visaa on pelattu 17 kertaa
  • Keskiarvotulos 80 / 173
Vastaustilastot
Vastaus % Oikein
äh
83%
kulttuuri
83%
Ähtäriin
75%
Ennen
75%
ennen
75%
Nyt
75%
nyt
75%
On
75%
on
75%
se
75%
Se
75%
ja
67%
saapui
67%
saapunut
67%
ei
58%
niin
58%
Vaan
58%
Ne
50%
ne
50%
Äh-äh-äh-täriin
42%
aidaksilla
42%
Gandhista
42%
joi
42%
klopit
42%
Mahatma
42%
Niinpä
42%
oli
42%
sahtia
42%
tappeli
42%
Ähtärin
33%
bamlas
33%
Dallas
33%
dörtsi
33%
häät
33%
henkevästi
33%
Kato
33%
Keskustellen
33%
mallas
33%
metsuri
33%
nakit
33%
päät
33%
poseen
33%
soseen
33%
stikkaa
33%
stydiä
33%
toi
33%
tuotettiin
33%
turistit
33%
allas
25%
aprikoi
25%
blandista
25%
bulia
25%
dallaa
25%
Erinomaanen
25%
Hankaa
25%
ihmeissään
25%
Jaatisen
25%
jalkoja
25%
jenkkibuutsit
25%
karatekurssilta
25%
kartsalla
25%
kehui
25%
Kysyy
25%
lääketehtaasta
25%
Missä
25%
missä
25%
opit
25%
pani
25%
pätkikkäät
25%
Pitäsköhän
25%
poika
25%
ponu
25%
puhki
25%
pyssyt
25%
rootsit
25%
tarinoi
25%
tarvitaan
25%
tsiigaa
25%
tuimista
25%
vedä
25%
yhtenään
25%
Deutschlandista
17%
ilon
17%
järvi
17%
Josen
17%
Julion
17%
keppuraa
17%
lemmestä
17%
Levysoitin
17%
ropit
17%
kahvilassa
8%
veti
8%
Ehtoja vastaavia visoja ei löytynyt
Tulosjakauma
Jokaisen tuloksen saaneiden osuus
Persentiili vastausten määrän mukaan
Tuloshistoriasi
Et ole pelannut tätä visaa